Most Streamed Mitski Songs - Statistics

General Stats
  • This quiz has been taken 20 times
  • The average score is 8 of 20
Answer Stats
# Streams Answer % Correct
2 1,152,636,749 Washing Machine Heart
92%
1 1,869,394,727 My Love Mine All Mine
77%
5 538,246,622 Nobody
69%
6 432,342,361 Me and My Husband
62%
10 269,630,607 A Pearl
54%
7 423,524,027 Francis Forever
54%
3 659,357,576 I Bet on Losing Dogs
54%
17 114,757,029 Class of 2013
46%
4 548,052,281 First Love/Late Spring
46%
9 277,112,433 I Want You
38%
20 98,396,772 Crack Baby
31%
8 294,486,227 Liquid Smooth
31%
16 118,307,303 A Burning Hill
23%
12 154,958,183 Brand New City
23%
14 143,526,634 Once More to See You
23%
19 105,064,430 Why Didn't You Stop Me?
23%
18 112,327,209 Goodbye, My Danish Sweetheart
15%
15 119,222,021 Last Words of a Shooting Star
15%
13 153,944,693 Strawberry Blond
15%
11 176,803,637 Your Best American Girl
15%
No matching quizzes found
Score Distribution
Percent of People with Each Score
Percentile by Number Answered
Your Score History
You have not taken this quiz